Certificaciones inválidas en talleres y cursos de maquillaje en la ciudad de Cartagena de Indias / (Registro nro. 4205)
[ vista simple ]
| 000 -LEADER | |
|---|---|
| fixed length control field | 02731nam a2200253 4500 |
| 001 - CONTROL NUMBER | |
| control field | 0000076129 |
| 005 - DATE AND TIME OF LATEST TRANSACTION | |
| control field | 20250329165437.0 |
| 008 - FIXED-LENGTH DATA ELEMENTS--GENERAL INFORMATION | |
| fixed length control field | 190415s2020 000 0 eng d |
| 040 ## - CATALOGING SOURCE | |
| Original cataloging agency | CO-CtgCURN |
| Language of cataloging | spa |
| Transcribing agency | coctgcurn |
| 082 0# - DEWEY DECIMAL CLASSIFICATION NUMBER | |
| Classification number | EST 2020 |
| Item number | A594 |
| 100 1# - MAIN ENTRY--PERSONAL NAME | |
| Personal name | Angulo Mercado, Melanny Luz. |
| 245 10 - TITLE STATEMENT | |
| Title | Certificaciones inválidas en talleres y cursos de maquillaje en la ciudad de Cartagena de Indias / |
| Statement of responsibility, etc. | Melanny Luz Angulo Mercado; Marisoleidys Díaz Barboza; Daniela Trespalacio Pacheco; Asesor Jorge Leonardo Castillo Loaiza. |
| 260 ## - PUBLICATION, DISTRIBUTION, ETC. | |
| Place of publication, distribution, etc. | Cartagena de Indias : |
| Name of publisher, distributor, etc. | Corporación Universitaria Rafael Nuñez, |
| Date of publication, distribution, etc. | 2020. |
| 300 ## - PHYSICAL DESCRIPTION | |
| Extent | 33 hojas. |
| 504 ## - BIBLIOGRAPHY, ETC. NOTE | |
| Bibliography, etc. note | Trabajo de grado (Tecnologia en estetica y cosmetologia). Corporación Universitaria Rafael Nuñez. Facultad de Ciencias de la Salud. Tecnologia en estetica y cosmetologia, 2020. |
| 520 ## - SUMMARY, ETC. | |
| Summary, etc. | "El presente trabajo caracteriza la población de maquilladoras que utilizan las redes sociales para la promoción y publicidad de sus talleres y cursos, específicamente por la red social Instagram. El estudio se concentra específicamente en la población de maquilladoras que realizan certificaciones por horas cursadas y horas de práctica para el caso de los talleres. Lo anterior con el fin de que se puedan realizar alianzas con las diferentes Corporaciones o Instituciones de educacin que cuentan con el aval del ministerio de educación para ofrecer programas de formación relacionados con el área de maquillaje. Entre los principales resultados se encuentra que alrededor del 72% de la población de maquiladoras en estudio entregan certificados sin tener convenio con entidades de educación, por lo tanto son certificaciones inválidas pues a estas personas solo se les permitira entregar una constancia de asistencia más no un objeto de certificación. Además, se pudo establecer que al 94% de la población de maquiladoras en estudio les interesa realizar convenios con alguna de las entidades académicas que se encuentran avaladas por el ministerio de educación Nacional en la ciudad de Cartagena, pues lo ven como una oportunidad para atraer a un público que está interesado en certificaciones válidas y a la vez generar confianza en el medio" |
| 650 #0 - SUBJECT ADDED ENTRY--TOPICAL TERM | |
| Topical term or geographic name entry element | Estetica y Cosmetologia |
| Form subdivision | Tesis y disertaciones academicas. |
| 700 1# - ADDED ENTRY--PERSONAL NAME | |
| Personal name | Díaz Barboza; Marisoleidys. |
| 700 1# - ADDED ENTRY--PERSONAL NAME | |
| Personal name | Trespalacio Pacheco, Daniela. |
| 700 1# - ADDED ENTRY--PERSONAL NAME | |
| Personal name | Castillo Loaiza, Jorge Leonardo, |
| Relator term | asesor. |
| 856 ## - ELECTRONIC LOCATION AND ACCESS | |
| Uniform Resource Identifier | <a href="https://unicurn.sharepoint.com/:b:/s/biblioteca/EWxceEbqIvBMpRPyMz36V3oBksyjn9XZ70CATqmaAzGwfg?e=StQ3i1">https://unicurn.sharepoint.com/:b:/s/biblioteca/EWxceEbqIvBMpRPyMz36V3oBksyjn9XZ70CATqmaAzGwfg?e=StQ3i1</a> |
| Public note | Click aqui para ver el recurso en texto completo |
| 942 ## - ADDED ENTRY ELEMENTS (KOHA) | |
| Source of classification or shelving scheme | Dewey Decimal Classification |
| Koha item type | Trabajos de grado |
| Classification part | EST 2020 |
| Item part | A594 |
| Withdrawn status | Lost status | Source of classification or shelving scheme | Damaged status | Not for loan | Collection | Home library | Current library | Shelving location | Date acquired | Source of acquisition | Cost, normal purchase price | Inventory number | Total checkouts | Full call number | Barcode | Date last seen | Price effective from | Koha item type |
|---|---|---|---|---|---|---|---|---|---|---|---|---|---|---|---|---|---|---|
| Dewey Decimal Classification | Trabajos de grado | Miguel Henríquez Emiliani | Miguel Henríquez Emiliani | Trabajo de grado | 06/01/2019 | El autor | 350000.00 | 024983 | EST 2020 A594 | 024983 | 04/15/2019 | 04/15/2019 | Trabajos de grado |